Komparácia obsahu súvahy podnikateľskej účtovnej jednotky podľa slovenskej právnej úpravy účtovníctva a IFRS diplomová práca

Na minha lista:
Detalhes bibliográficos
Autor principal: Zúbeková, Lenka
Autor Corporativo: Fakulta hospodárskej informatiky EU. Katedra účtovníctva a audítorstva
Outros Autores: Silná, Renáta, 1981-
Formato: Livro
Idioma:eslovaco
Publicado em: Bratislava 2011
Tags: Adicionar Tag
Sem tags, seja o primeiro a adicionar uma tag!

MARC

LEADER 00000nbm a2200000 4500
001 0140670
005 20161109101941.7
041 0 |a slo 
044 |a SK 
245 1 0 |a Komparácia obsahu súvahy podnikateľskej účtovnej jednotky podľa slovenskej právnej úpravy účtovníctva a IFRS  |b diplomová práca  |c Lenka Zúbeková ; školiteľ: Renáta Silná 
264 1 |a Bratislava  |c 2011 
300 |a 77 s. 
100 1 |a Zúbeková, Lenka 
700 1 |a Silná, Renáta, 1981- 
710 2 |a Fakulta hospodárskej informatiky EU. Katedra účtovníctva a audítorstva